000 00304 a2200133 4500
000 nam a22 7a 4500
100 _a Yashwanth Kumar
110 _a Yashwanth Kumar
245 _aIndustrial Microbiology
250 _alatest edition
260 _bRBSA
_c2026
264 _bRBSA
_c2026
942 _cBK
999 _c395225
_d395225